|
|
|
|
| LEADER |
00000nam2a2200000 4500 |
| 001 |
111137 |
| 005 |
20231101214958.0 |
| 010 |
|
|
|a 5854381478
|
| 035 |
|
|
|a (RuTPU)RU\TPU\book\120023
|
| 090 |
|
|
|a 111137
|
| 100 |
|
|
|a 20070312d2006 m y0rusy50 ca
|
| 101 |
0 |
|
|a rus
|
| 102 |
|
|
|a RU
|
| 105 |
|
|
|a a j 011zy
|
| 200 |
0 |
|
|a Т. 1: Линейные преобразования
|
| 205 |
|
|
|a 3-е изд., перераб.
|
| 210 |
|
|
|d 2006
|
| 215 |
|
|
|a 464 с.
|c ил.
|
| 300 |
|
|
|a Посвящается 175-летию Московского государственного технического университета им. Н. Э. Баумана.
|
| 320 |
|
|
|a Библиогр.: с. 458-462.
|
| 330 |
|
|
|a Излагаются основы статистической радиотехники. Приводятся данные по различным случайным процессам, их воздействию на линейные радиотехнические устройства. Представлены специальные случайные процессы АР(р), CC(q), APCC(p,q), алгоритмы Левинсона и Левинсона-Дурбина. Рассмотрены оптимальные фильтры случайных сигналов и помех (согласованный, фильтры Винера, Калмана), а также метод адаптивной фильтрации. Анализ и синтез фильтров проводится для непрерывных и дискретных процессов и систем. Книга содержит много примеров. Для студентов старших курсов, обучающихся по радиотехническим специальностям, и аспирантов. Может быть полезна преподавателям, читающим соответствующие курсы.
|
| 461 |
|
1 |
|0 (RuTPU)RU\TPU\book\131601
|t Случайные процессы в радиотехнике
|o учебное пособие для вузов
|o в 2 т.
|f Б. И. Шахтарин
|v Т. 1: Линейные преобразования
|d 2006
|
| 606 |
1 |
|
|a Радиотехника
|x Статистические методы
|2 stltpush
|3 (RuTPU)RU\TPU\subj\23197
|9 47833
|
| 610 |
1 |
|
|a случайные процессы
|
| 610 |
1 |
|
|a линейные преобразования
|
| 610 |
1 |
|
|a теория вероятностей
|
| 610 |
1 |
|
|a математическая статистика
|
| 610 |
1 |
|
|a учебные пособия
|
| 675 |
|
|
|a 621.37:519.2(075.8)
|v 3
|
| 801 |
|
1 |
|a RU
|b 63413507
|c 20070312
|g PSBO
|
| 801 |
|
2 |
|a RU
|b 63413507
|c 20130919
|g PSBO
|
| 900 |
|
|
|a Радиотехника
|
| 900 |
|
|
|a Радиотехника и электроника
|
| 942 |
|
|
|c BK
|
| 951 |
|
|
|b 210300
|b 210302
|b 200100
|b 200101
|
| 959 |
|
|
|a 25/20070301
|d 1
|e 286,00
|f ЧЗТЛ:1
|